000 00287nam a22001337a 4500
008 170315b xxu||||| |||| 00| 0 eng d
020 _a9780073347257
041 _aeng
080 _28 ED
_a611
100 _a7
101 _aSHM
245 _aANATOMY PHYSIOLOGY
_cWISE.E
942 _2udc
_cBK
999 _c7891
_d7891